000
00354nam a22001577a 4500
003
MPLRDC
005
20220104123550.0
008
210129b ||||| |||| 00| 0 eng d
082
_a
496.4 CJ
100
_a
池基著
245
_a
商店经营诊断
_c
260
_a
_b
现代工商出版社
_c
300
_b
平
650
_a
942
_c
BK
_o
496.4 CJ
999
_c
12426
_d
12416